Представление документа в формате RUSMARC

ПолеНазваниеЗначение
  Тип записи a
  Библиографический уровень m
001 Контрольный номер RU/SLIB/B/208741062
005 Дата корректировки 20201206204055.8
010 Индекс ISBN __
d Цена 1-10
101 Язык документа __
a Язык текста rus
200 Заглавие и сведения об ответственности __
a Заглавие Вторичные ресурсы: эффективность, опыт перспективы
f Первые сведения об ответственности Пирогов Н. Л. ; под ред. А. Е. Юрченко
b Общее обозначение материала Текст
210 Выходные данные __
a Место издания М.
c Издательство Экономика
d Дата издания 1987
215 Физическое описание __
a Объем 200 с.
606 Тематические рубрики __
a Основная рубрика Техника
606 Тематические рубрики __
a Основная рубрика Технологические процессы
610 Ключевые слова __
a Ключевые слова сырье; вторичные ресурсы
686 Индексы других классификаций __
a Классификационный индекс 30.69
700 Автор __
a Фамилия Пирогов
b Имя Н. Л.
4 Код отношения 070
702 Вторичная интеллектуальная ответственность __
a Фамилия Юрченко
b Имя А. Е.
4 Код отношения Редактор
801 Источник записи _0
a Страна RU
b Организация Муниципальное бюджетное учреждение культуры "Централизованная библиотечная система" г. Сургут (Центральная городская библиотека им. А. С. Пушкина)
g Правила каталогизации КиК/Елгина
801 Источник записи _1
a Страна RU
b Организация Муниципальное бюджетное учреждение культуры "Централизованная библиотечная система" г. Сургут (Центральная городская библиотека им. А. С. Пушкина)
g Правила каталогизации КиК/Елгина
852 Данные о местонахождении __
j Шифр хранения 30.69
c Каталожный индекс 30.69
i Авторский знак П 33
p Инвентарный номер 29717
901 Тип документа __
t Тип документа m
990 Данные о заказе (DOS) __
j Количество экземпляров (DOS) 1